<La> competencia intercultural de ejecutivos y directores de empresas bakalárska práca

Gespeichert in:
Bibliographische Detailangaben
1. Verfasser: Babinská, Tatiana
Körperschaft: Fakulta aplikovaných jazykov EU v Bratislave. Katedra románskych a slovanských jazykov
Weitere Verfasser: Paľková, Jana
Format: Buch
Sprache:Spanisch
Veröffentlicht: Bratislava 2016
Tags: Tag hinzufügen
Keine Tags, Fügen Sie das erste Tag hinzu!

MARC

LEADER 00000nbm a2200000 4500
001 0217444
005 20170130094125.0
041 0 |a spa 
044 |a SK 
245 1 0 |a <La> competencia intercultural de ejecutivos y directores de empresas  |b bakalárska práca  |c Tatiana Babinská ; školiteľ: Jana Paľková 
264 1 |a Bratislava  |c 2016 
300 |a 49 s. 
100 1 |a Babinská, Tatiana 
700 1 |a Paľková, Jana 
710 2 |a Fakulta aplikovaných jazykov EU v Bratislave. Katedra románskych a slovanských jazykov